Ultimate Dance Moms Quiz - Statistics

General Stats
  • This quiz has been taken 441 times
  • The average score is 13 of 15
Answer Stats
Questions Answer % Correct
Teachers favourite dancer? Maddie
98%
Beautiful ballerina who got into Joffrey? Chloe
97%
Youngest member of the OG team? Mackenzie
97%
Oldest member of the OG team? Brooke
96%
Broke her foot? Paige
96%
Year Dance Moms aired? 2011
91%
Worked in a school? Holly
91%
Was it Paige who dropped her hat in pink lemonade? No
91%
Wanted the role of Rosa Parks for their daughter? Jill
90%
Head choreographer? Gianna
84%
Brooke's replacement? Payton
83%
Kenzie's stage name? Mack Z
79%
Sassy little six year old? Asia
71%
Favourite mini? Lilliana
70%
Group dance about reckless driving? Pretty Reckless
31%
No matching quizzes found
Score Distribution
Percent of People with Each Score
Percentile by Number Answered
Your Score History
You have not taken this quiz